Bureaucracies in retrenchment (Record no. 5012)

000 -LEADER
fixed length control field 00473pab a2200157 454500
008 - FIXED-LENGTH DATA ELEMENTS--GENERAL INFORMATION
fixed length control field 180718b1988 xxu||||| |||| 00| 0 eng d
100 ## - MAIN ENTRY--PERSONAL NAME
Personal name Hood, Chruistopher
245 ## - TITLE STATEMENT
Title Bureaucracies in retrenchment
Remainder of title Vulnerability theory and the case of U.K. central government departments 1975-85
260 ## - PUBLICATION, DISTRIBUTION, ETC.
Date of publication, distribution, etc. 1988
300 ## - PHYSICAL DESCRIPTION
Extent 275-312
362 ## - DATES OF PUBLICATION AND/OR SEQUENTIAL DESIGNATION
Dates of publication and/or sequential designation Nov.
650 ## - SUBJECT ADDED ENTRY--TOPICAL TERM
Topical term or geographic name entry element Bureaucracy - U.K.
700 ## - ADDED ENTRY--PERSONAL NAME
Personal name Andrew Dunsiro Meg Huby
773 ## - HOST ITEM ENTRY
Main entry heading Administration and Society
909 ## -
-- 5012
Holdings
Withdrawn status Lost status Damaged status Not for loan Permanent Location Current Location Date acquired Serial Enumeration / chronology Barcode Date last seen Price effective from Koha item type
        Indian Institute of Public Administration Indian Institute of Public Administration 2018-07-19 Volume no: 20, Issue no: 3 AR5018 2018-07-19 2018-07-19 Articles

Powered by Koha